[Event "DSOL 05 Liga Gr-B 1st"]
[Site "Playchess.com INT"]
[Date "2020.07.24"]
[Round "5.2"]
[White "Foehr, Wolfgang"]
[Black "Mai, Robin Jannis"]
[Result "1-0"]
[WhiteElo "1613"]
[BlackElo "1791"]
[PlyCount "33"]
[EventDate "2020.06.22"]
[EventType "team-tourn (rapid)"]
[EventCountry "GER"]
[SourceTitle "EXT 2021"]
[Source "ChessBase"]
[SourceDate "2020.10.23"]
[SourceVersion "1"]
[SourceVersionDate "2020.10.23"]
[SourceQuality "1"]
[WhiteTeam "Ingolstadt"]
[BlackTeam "Hameln II"]
[WhiteTeamCountry "GER"]
[BlackTeamCountry "GER"]

1. e4 c5 2. Nf3 Nc6 3. d4 cxd4 4. Nxd4 g6 5. Nc3 Bg7 6. Be3 Nf6 7. Bc4 d6 8. h3 0-0 9. Qd2 Na5 10. Be2 a6 11. Bh6 b5 12. Bxg7 Kxg7 13. a3 Bb7 14. Bd3 Qb6 15. Qe3 Nc4 16. Bxc4 bxc4 17. Nf5+ 1-0

[Event "Niedersachsen-ch op-B"]
[Site "Verden"]
[Date "2015.01.05"]
[Round "7"]
[White "Mai, Robin Jannis"]
[Black "Grasser, Stefan"]
[Result "1-0"]
[WhiteElo "1734"]
[BlackElo "1784"]
[PlyCount "67"]
[EventDate "2015.01.02"]
[EventType "swiss"]
[EventRounds "7"]
[EventCountry "GER"]
[SourceTitle "EXT 2018"]
[Source "ChessBase"]
[SourceDate "2017.10.13"]
[SourceVersion "1"]
[SourceVersionDate "2017.10.13"]
[SourceQuality "1"]

1. d4 b5 2. e4 a6 3. Bd3 Bb7 4. Nf3 e6 5. 0-0 d5 6. e5 c5 7. c3 Nc6 8. Be3 Qc7 9. Nbd2 Be7 10. Ne1 f5 11. exf6 Nxf6 12. dxc5 0-0-0 13. b4 Ne5 14. Bf4 Rdf8 15. Qe2 Nfd7 16. Bg3 g5 17. a4 bxa4 18. Rxa4 Qc6 19. Rxa6 Bxa6 20. Bxa6+ Kd8 21. b5 Qxc5 22. Bxe5 Bf6 23. Nd3 Qb6 24. Nf3 g4 25. Bxf6+ Rxf6 26. Nfe5 h5 27. Nc6+ Kc7 28. c4 dxc4 29. Nde5 Rhf8 30. Qxc4 Qc5 31. b6+ Qxb6 32. Nb8+ Qc5 33. Nbxd7 Qxc4 34. Bxc4 1-0

[Event "Niedersachsen-ch op-B"]
[Site "Verden"]
[Date "2015.01.02"]
[Round "1"]
[White "Mai, Robin Jannis"]
[Black "Raulf, Marie Kristin"]
[Result "1-0"]
[WhiteElo "1734"]
[BlackElo "1322"]
[PlyCount "85"]
[EventDate "2015.01.02"]
[EventType "swiss"]
[EventRounds "7"]
[EventCountry "GER"]
[SourceTitle "EXT 2018"]
[Source "ChessBase"]
[SourceDate "2017.10.13"]
[SourceVersion "1"]
[SourceVersionDate "2017.10.13"]
[SourceQuality "1"]

1. d4 d5 2. c4 e6 3. Nc3 Nf6 4. cxd5 Nxd5 5. e4 Nf6 6. Bg5 Be7 7. Nf3 Nc6 8. Bd3 Nxd4 9. Nxd4 h6 10. Bxf6 Bxf6 11. Nde2 0-0 12. 0-0 e5 13. Bc4 Bg4 14. Qxd8 Rfxd8 15. f3 Bh5 16. Rfd1 c6 17. Rxd8+ Rxd8 18. Rd1 b5 19. Rxd8+ Bxd8 20. Bd3 f6 21. Ng3 Bf7 22. a3 g6 23. Kf2 Bb6+ 24. Ke2 Bd4 25. Kd2 a5 26. Nge2 Bc5 27. a4 b4 28. Nd1 b3 29. Ne3 Bb4+ 30. Nc3 h5 31. Bc4 Kf8 32. Bxf7 Kxf7 33. Kd3 Ke6 34. Kc4 f5 35. Kxb3 f4 36. Nc4 g5 37. Na2 Bc5 38. Nxa5 Kd7 39. Nb4 Bxb4 40. Kxb4 Kd6 41. Kc4 g4 42. b4 g3 43. h4 1-0

[Event "Niedersachsen-ch op-A"]
[Site "Verden"]
[Date "2014.01.04"]
[Round "6"]
[White "Nuerenberg, Marius"]
[Black "Mai, Robin Jannis"]
[Result "1-0"]
[WhiteElo "1596"]
[BlackElo "1735"]
[PlyCount "85"]
[EventDate "2014.01.02"]
[EventType "swiss"]
[EventRounds "7"]
[EventCountry "GER"]
[SourceTitle "EXT 2016"]
[Source "ChessBase"]
[SourceDate "2015.10.08"]
[SourceVersion "1"]
[SourceVersionDate "2015.10.08"]
[SourceQuality "1"]

1. e4 e6 2. d4 d5 3. Nc3 Bb4 4. e5 c5 5. a3 Bxc3+ 6. bxc3 Nc6 7. Qg4 Nge7 8. Qxg7 Rg8 9. Qxh7 cxd4 10. cxd4 Nxd4 11. Ne2 Nxe2 12. Kxe2 Qc7 13. Bb2 Bd7 14. Qd3 Ng6 15. Qc3 Bc6 16. Ke1 0-0-0 17. Qd4 Kb8 18. g3 Rh8 19. Bd3 Ne7 20. f4 Be8 21. Kf1 Nc6 22. Qf2 Na5 23. Bd4 Nc6 24. Bc5 d4 25. Bd6 Rxd6 26. exd6 Qxd6 27. Kg2 Ne7 28. Be4 Nd5 29. Kg1 Nc3 30. Bf3 Rg8 31. Qg2 Qb6 32. Qf2 Qb2 33. Kg2 Bb5 34. Qxd4 Qxc2+ 35. Qf2 Qf5 36. Rhc1 Nd5 37. Kh1 Qf6 38. Qc5 Bc6 39. Rab1 Rc8 40. Qd6+ Ka8 41. Bxd5 Qd4 42. Rxc6 Rh8 43. Rc8+ 1-0

[Event "Niedersachsen-ch op-A"]
[Site "Verden"]
[Date "2014.01.03"]
[Round "3"]
[White "Mai, Robin Jannis"]
[Black "Modder, Frank"]
[Result "0-1"]
[WhiteElo "1735"]
[BlackElo "1907"]
[PlyCount "40"]
[EventDate "2014.01.02"]
[EventType "swiss"]
[EventRounds "7"]
[EventCountry "GER"]
[SourceTitle "EXT 2016"]
[Source "ChessBase"]
[SourceDate "2015.10.08"]
[SourceVersion "1"]
[SourceVersionDate "2015.10.08"]
[SourceQuality "1"]

1. d4 d5 2. c4 c6 3. Nf3 Nf6 4. Nc3 dxc4 5. a4 Bf5 6. Bg5 Nbd7 7. e3 Qa5 8. Bxc4 e6 9. 0-0 Ne4 10. Nxe4 Bxe4 11. Bf4 Be7 12. Nd2 Bg6 13. e4 0-0 14. d5 exd5 15. exd5 cxd5 16. Nb3 Qb4 17. Bxd5 Qxf4 18. Bxf7+ Rxf7 19. Qxd7 Bd6 20. Qh3 Bf5 0-1

[Event "Niedersachsen-ch op-A"]
[Site "Verden"]
[Date "2014.01.03"]
[Round "4"]
[White "Ngo, Minh Duc"]
[Black "Mai, Robin Jannis"]
[Result "1-0"]
[WhiteElo "1980"]
[BlackElo "1735"]
[PlyCount "45"]
[EventDate "2014.01.02"]
[EventType "swiss"]
[EventRounds "7"]
[EventCountry "GER"]
[SourceTitle "EXT 2016"]
[Source "ChessBase"]
[SourceDate "2015.10.08"]
[SourceVersion "1"]
[SourceVersionDate "2015.10.08"]
[SourceQuality "1"]

1. e4 e6 2. d4 d5 3. Nd2 Nf6 4. e5 Nfd7 5. Bd3 c5 6. c3 Nc6 7. Ne2 f6 8. exf6 Nxf6 9. Nf3 cxd4 10. cxd4 Bd6 11. 0-0 0-0 12. Bf4 Qc7 13. Bxd6 Qxd6 14. Ng3 Bd7 15. Re1 Rae8 16. Ne5 Nxd4 17. Bxh7+ Nxh7 18. Qxd4 a6 19. Ne4 Qc7 20. Rac1 Bc6 21. Nc5 Qd6 22. Rc3 Rf6 23. Ne4 1-0

[Event "Niedersachsen-ch U18"]
[Site "Rotenburg"]
[Date "2013.03.26"]
[Round "5"]
[White "Thole, Ann Christin"]
[Black "Mai, Robin Jannis"]
[Result "1-0"]
[WhiteElo "1735"]
[BlackElo "1707"]
[PlyCount "43"]
[EventDate "2013.03.23"]
[EventType "swiss"]
[EventRounds "9"]
[EventCountry "GER"]
[SourceTitle "EXT 2015"]
[Source "ChessBase"]
[SourceDate "2014.11.20"]
[SourceVersion "1"]
[SourceVersionDate "2014.11.20"]
[SourceQuality "1"]

1. e4 e6 2. d4 d5 3. exd5 exd5 4. Bd3 c5 5. dxc5 Bxc5 6. Nc3 Ne7 7. Nge2 0-0 8. Bf4 Nbc6 9. 0-0 Be6 10. Ng3 Ng6 11. Nce2 Qb6 12. Rb1 Rad8 13. Bf5 d4 14. b4 Be7 15. a3 a5 16. bxa5 Qxa5 17. Rxb7 Nxf4 18. Nxf4 Bxf5 19. Qf3 Rc8 20. Nd5 Bxa3 21. Nxf5 Rfe8 22. Nh6+ 1-0

[Event "Niedersachsen-ch op-A"]
[Site "Verden"]
[Date "2013.01.04"]
[Round "3"]
[White "Merettig, Georg"]
[Black "Mai, Robin Jannis"]
[Result "0-1"]
[WhiteElo "1942"]
[BlackElo "1689"]
[PlyCount "106"]
[EventDate "2013.01.03"]
[EventType "swiss"]
[EventRounds "7"]
[EventCountry "GER"]
[SourceTitle "EXT 2014"]
[Source "ChessBase"]
[SourceDate "2013.11.20"]
[SourceVersion "1"]
[SourceVersionDate "2013.11.20"]
[SourceQuality "1"]

1. Nc3 d5 2. b3 e5 3. e4 d4 4. Nce2 Be6 5. f4 f6 6. Nf3 Bd6 7. Bb2 c5 8. fxe5 fxe5 9. Ng3 Nf6 10. Ng5 Bg4 11. Be2 Qd7 12. Bxg4 Nxg4 13. Nf5 Nf6 14. Ne6 Rg8 15. Nxd6+ Qxd6 16. Ng5 h6 17. Nf3 Nxe4 18. Qe2 Qd5 19. d3 Nf6 20. Nxe5 Kd8 21. 0-0 Re8 22. Rae1 Nbd7 23. c4 Qxe5 24. Qf2 Qh5 25. Rxe8+ Qxe8 26. b4 Qe3 27. bxc5 Qxf2+ 28. Rxf2 Nxc5 29. Bxd4 Ncd7 30. Rb2 Kc7 31. Kf2 Ng4+ 32. Kg3 Nge5 33. Rd2 g6 34. Be3 Re8 35. Bxh6 Nc5 36. Bf4 Kd7 37. Bxe5 Rxe5 38. Kf4 Rf5+ 39. Ke3 Kd6 40. d4 Ne6 41. h3 Ra5 42. Ke4 Ra4 43. Rc2 a6 44. Ke3 b5 45. d5 Ra3+ 46. Kd2 Nd4 47. Rb2 bxc4 48. Rb6+ Kxd5 49. Rxg6 c3+ 50. Kc1 Rxa2 51. Rg5+ Kc4 52. Kb1 Rb2+ 53. Kc1 Ne2+ 0-1

[Event "Niedersachsen-ch op-A"]
[Site "Verden"]
[Date "2013.01.03"]
[Round "2"]
[White "Koch, Yannick"]
[Black "Mai, Robin Jannis"]
[Result "1-0"]
[WhiteElo "1703"]
[BlackElo "1689"]
[PlyCount "71"]
[EventDate "2013.01.03"]
[EventType "swiss"]
[EventRounds "7"]
[EventCountry "GER"]
[SourceTitle "EXT 2014"]
[Source "ChessBase"]
[SourceDate "2013.11.20"]
[SourceVersion "1"]
[SourceVersionDate "2013.11.20"]
[SourceQuality "1"]

1. d4 Nf6 2. c4 e6 3. Nc3 Bb4 4. e3 c5 5. Nf3 0-0 6. Bd3 d5 7. 0-0 a6 8. Ne5 dxc4 9. Bxc4 b5 10. Bb3 cxd4 11. exd4 Bxc3 12. bxc3 Nd5 13. Qd3 Bb7 14. Bc2 f5 15. Re1 Nd7 16. Nf3 Rc8 17. Bd2 Qb6 18. Re2 b4 19. c4 N5f6 20. Ng5 Ne4 21. f3 Nxg5 22. Bxg5 e5 23. c5 Qa7 24. Bb3+ Kh8 25. Be6 e4 26. fxe4 Bxe4 27. Qg3 Rc6 28. Bb3 Rg6 29. Qe3 h6 30. Be7 Rc8 31. Bf7 Rgc6 32. d5 Rxc5 33. Bxc5 Nxc5 34. Be6 Qb7 35. Bxc8 Qxc8 36. Rc1 1-0

[Event "Niedersachsen-ch U16"]
[Site "Rotenburg"]
[Date "2012.04.04"]
[Round "6"]
[White "Hans, Julian"]
[Black "Mai, Robin Jannis"]
[Result "1-0"]
[WhiteElo "1540"]
[BlackElo "1551"]
[PlyCount "35"]
[EventDate "2012.03.31"]
[EventType "swiss"]
[EventRounds "9"]
[EventCountry "GER"]
[SourceTitle "EXT 2015"]
[Source "ChessBase"]
[SourceDate "2014.11.20"]
[SourceVersion "1"]
[SourceVersionDate "2014.11.20"]
[SourceQuality "1"]

1. e4 e6 2. d4 d5 3. Bd3 c5 4. exd5 Qxd5 5. Nc3 Qxd4 6. Nge2 Qd8 7. Bf4 Nf6 8. Qd2 Be7 9. 0-0-0 0-0 10. h4 Qa5 11. h5 Rd8 12. Qe3 Nc6 13. Qg3 c4 14. Bh6 Bf8 15. Bxg7 Nxh5 16. Rxh5 Qxh5 17. Bh6+ Qg6 18. Bxg6 1-0

[Event "Niedersachsen-ch U16"]
[Site "Rotenburg"]
[Date "2012.04.04"]
[Round "7"]
[White "Hoppenburg, Jannik"]
[Black "Mai, Robin Jannis"]
[Result "0-1"]
[WhiteElo "1252"]
[BlackElo "1551"]
[PlyCount "62"]
[EventDate "2012.03.31"]
[EventType "swiss"]
[EventRounds "9"]
[EventCountry "GER"]
[SourceTitle "EXT 2015"]
[Source "ChessBase"]
[SourceDate "2014.11.20"]
[SourceVersion "1"]
[SourceVersionDate "2014.11.20"]
[SourceQuality "1"]

1. e4 e6 2. d4 d5 3. e5 c5 4. c3 Qb6 5. Nf3 Nc6 6. a3 a5 7. b3 f6 8. exf6 Nxf6 9. Bb2 Bd6 10. Be2 0-0 11. 0-0 Bd7 12. c4 cxd4 13. Nxd4 e5 14. Nb5 Ne7 15. Nxd6 Qxd6 16. Nc3 d4 17. Nb5 Bxb5 18. cxb5 Rfd8 19. a4 Rac8 20. Bc4+ Kh8 21. Re1 Nf5 22. Qf3 Nh4 23. Qxb7 e4 24. Qa6 Qf4 25. Be2 Ng4 26. Bxg4 Qxg4 27. g3 Nf3+ 28. Kh1 Qh3 29. Qh6 gxh6 30. Bxd4+ Rxd4 31. Rxe4 Qxh2# 0-1

[Event "Niedersachsen-ch U16"]
[Site "Rotenburg"]
[Date "2012.04.02"]
[Round "4"]
[White "Edel, Fenja"]
[Black "Mai, Robin Jannis"]
[Result "1/2-1/2"]
[WhiteElo "1649"]
[BlackElo "1551"]
[PlyCount "56"]
[EventDate "2012.03.31"]
[EventType "swiss"]
[EventRounds "9"]
[EventCountry "GER"]
[SourceTitle "EXT 2015"]
[Source "ChessBase"]
[SourceDate "2014.11.20"]
[SourceVersion "1"]
[SourceVersionDate "2014.11.20"]
[SourceQuality "1"]

1. e4 e6 2. d4 d5 3. exd5 exd5 4. c4 Bb4+ 5. Nc3 Ne7 6. Nf3 0-0 7. Bd3 dxc4 8. Bxc4 Bg4 9. d5 Nd7 10. Bg5 Re8 11. 0-0 Bxc3 12. bxc3 Bxf3 13. Qxf3 Ne5 14. Qe4 Nxc4 15. Bxe7 Nd2 16. Qd3 Qxe7 17. Qxd2 Qe2 18. Qxe2 Rxe2 19. Rfe1 Rae8 20. Kf1 Rxe1+ 21. Rxe1 Rxe1+ 22. Kxe1 Kf8 23. Kd2 Ke7 24. Kd3 Kd6 25. Kd4 b5 26. f4 f6 27. g4 c5+ 28. dxc6 Kxc6 1/2-1/2

[Event "Niedersachsen-ch op"]
[Site "Verden"]
[Date "2011.01.04"]
[Round "6"]
[White "Hoppe, Michael"]
[Black "Mai, Robin Jannis"]
[Result "0-1"]
[WhiteElo "880"]
[BlackElo "1484"]
[PlyCount "54"]
[EventDate "2011.01.02"]
[EventType "swiss"]
[EventRounds "7"]
[EventCountry "GER"]
[SourceTitle "EXT 2018"]
[Source "ChessBase"]
[SourceDate "2017.10.13"]
[SourceVersion "1"]
[SourceVersionDate "2017.10.13"]
[SourceQuality "1"]

1. d4 Nf6 2. Bf4 d5 3. f3 Nc6 4. Nc3 Bf5 5. Qd2 Qd7 6. e3 e6 7. Bd3 Bxd3 8. Qxd3 Bb4 9. Nge2 0-0 10. 0-0-0 a5 11. g4 a4 12. a3 Be7 13. Qb5 Ra5 14. Qxb7 Bd6 15. Bxd6 Qxd6 16. Nb5 Qd7 17. Qxc7 Rxb5 18. Qxd7 Nxd7 19. Nc3 Ra5 20. e4 Nb6 21. Rhe1 Rb8 22. Rd3 Nc4 23. Nd1 Rab5 24. Nc3 Nxb2 25. Nxb5 Nxd3+ 26. cxd3 Rxb5 27. exd5 Rxd5 0-1

[Event "Niedersachsen-ch op"]
[Site "Verden"]
[Date "2011.01.04"]
[Round "5"]
[White "Mai, Robin Jannis"]
[Black "Albrecht, Carsten"]
[Result "1/2-1/2"]
[WhiteElo "1484"]
[BlackElo "1941"]
[PlyCount "43"]
[EventDate "2011.01.02"]
[EventType "swiss"]
[EventRounds "7"]
[EventCountry "GER"]
[SourceTitle "EXT 2018"]
[Source "ChessBase"]
[SourceDate "2017.10.13"]
[SourceVersion "1"]
[SourceVersionDate "2017.10.13"]
[SourceQuality "1"]

1. d4 d5 2. Nf3 Nf6 3. c4 e6 4. Nc3 Be7 5. Bg5 h6 6. Bh4 0-0 7. e3 b6 8. cxd5 Nxd5 9. Bxe7 Nxe7 10. Be2 Bb7 11. 0-0 Nd7 12. Rc1 c5 13. Qb3 cxd4 14. Nxd4 Nc5 15. Qa3 Nd5 16. Rfd1 Nxc3 17. Rxc3 Qb8 18. f3 e5 19. Nc2 Rd8 20. b4 Rxd1+ 21. Bxd1 Ne6 22. Be2 1/2-1/2

[Event "Niedersachsen-ch op"]
[Site "Verden"]
[Date "2011.01.02"]
[Round "2"]
[White "Kiesel, Lucas"]
[Black "Mai, Robin Jannis"]
[Result "1/2-1/2"]
[WhiteElo "914"]
[BlackElo "1484"]
[PlyCount "57"]
[EventDate "2011.01.02"]
[EventType "swiss"]
[EventRounds "7"]
[EventCountry "GER"]
[SourceTitle "EXT 2018"]
[Source "ChessBase"]
[SourceDate "2017.10.13"]
[SourceVersion "1"]
[SourceVersionDate "2017.10.13"]
[SourceQuality "1"]

1. Nf3 Nf6 2. g3 Nc6 3. Bg2 g6 4. 0-0 Bg7 5. d3 0-0 6. e4 d6 7. Nbd2 Re8 8. c3 d5 9. b4 dxe4 10. Nxe4 Nxe4 11. dxe4 Bxc3 12. Rb1 Bxb4 13. Qa4 Bc5 14. Bh6 Qd6 15. Qc4 Bb6 16. Ng5 Be6 17. Qc3 f6 18. Rfd1 Qe5 19. Qxe5 Nxe5 20. Nxe6 g5 21. Kh1 Ng4 22. Rd2 Nxf2+ 23. Rxf2 Bxf2 24. Nxc7 b6 25. Nxa8 Rxa8 26. e5 Rd8 27. exf6 exf6 28. h4 Bxg3 29. hxg5 1/2-1/2

[Event "Niedersachsen-ch open"]
[Site "Verden"]
[Date "2010.01.06"]
[Round "7.60"]
[White "Mai, Robin Jannis"]
[Black "Wernke Schmiesing, Sebastian"]
[Result "0-1"]
[WhiteElo "1152"]
[BlackElo "1475"]
[PlyCount "76"]
[EventDate "2010.01.03"]
[EventType "swiss"]
[EventRounds "7"]
[EventCountry "GER"]
[SourceTitle "EXT 2012"]
[Source "ChessBase"]
[SourceDate "2011.11.24"]
[SourceVersion "1"]
[SourceVersionDate "2011.11.24"]
[SourceQuality "1"]

1. d4 Nf6 2. c4 e5 3. dxe5 Ng4 4. Nf3 Bc5 5. e3 Nc6 6. Nc3 Ngxe5 7. Nxe5 Nxe5 8. Be2 d6 9. 0-0 0-0 10. a3 a5 11. f4 Nc6 12. Bd2 f5 13. Qc2 Bd7 14. Rf3 Rf6 15. Rg3 Rh6 16. Be1 Ne7 17. Nd5 Nxd5 18. cxd5 Qe7 19. Bf2 Re8 20. Qc3 Qf6 21. Qxf6 Rxf6 22. Rd1 c6 23. Bc4 Kh8 24. dxc6 Bxc6 25. Bd5 Bxd5 26. Rxd5 g6 27. Rd3 Rfe6 28. Kf1 Kg7 29. Ke1 Re4 30. Kd2 b5 31. b3 Bxa3 32. Kc2 Rc8+ 33. Rc3 Rxc3+ 34. Kxc3 Bb4+ 35. Kd3 a4 36. bxa4 bxa4 37. Rg5 d5 38. h4 Rc4 0-1

[Event "Niedersachsen-ch open"]
[Site "Verden"]
[Date "2010.01.05"]
[Round "6.69"]
[White "Weis, Hans Juergen"]
[Black "Mai, Robin Jannis"]
[Result "0-1"]
[WhiteElo "1371"]
[BlackElo "1152"]
[PlyCount "87"]
[EventDate "2010.01.03"]
[EventType "swiss"]
[EventRounds "7"]
[EventCountry "GER"]
[SourceTitle "EXT 2012"]
[Source "ChessBase"]
[SourceDate "2011.11.24"]
[SourceVersion "1"]
[SourceVersionDate "2011.11.24"]
[SourceQuality "1"]

1. d4 e6 2. c4 d5 3. e3 Nf6 4. Nc3 b6 5. Nf3 Bb7 6. Ne5 dxc4 7. Qa4+ Nbd7 8. Nxd7 Qxd7 9. f3 Qxa4 10. Nxa4 Bb4+ 11. Bd2 Bxd2+ 12. Kxd2 0-0-0 13. Bxc4 a6 14. Bb3 Rhf8 15. Rac1 Kb8 16. Rc3 Rd7 17. Rhc1 Rc8 18. a3 g5 19. Ke2 h5 20. g3 g4 21. f4 Bf3+ 22. Ke1 Bb7 23. Ba2 Ne4 24. R3c2 Rh8 25. Nc3 h4 26. Nxe4 Bxe4 27. Rf2 hxg3 28. hxg3 Rh3 29. Bb1 Bxb1 30. Rxb1 Rxg3 31. Ke2 f5 32. Rh1 Kb7 33. Rfh2 Kc6 34. Kf2 Rf3+ 35. Ke2 Kd5 36. Kd3 c5 37. Rc1 cxd4 38. Ke2 Rxe3+ 39. Kf2 Ke4 40. Kg1 Kxf4 41. Rf2+ Ke4 42. Rcf1 Rg3+ 43. Kh2 Rf3 44. Re1+ 0-1

[Event "Niedersachsen-ch U12"]
[Site "Rotenburg"]
[Date "2009.04.08"]
[Round "7"]
[White "Romaneesen, Till"]
[Black "Mai, Robin Jannis"]
[Result "1-0"]
[WhiteElo "1097"]
[BlackElo "1026"]
[PlyCount "57"]
[EventDate "2009.04.04"]
[EventType "swiss"]
[EventRounds "11"]
[EventCountry "GER"]
[SourceTitle "EXT 2010"]
[Source "ChessBase"]
[SourceDate "2010.11.25"]
[SourceVersion "1"]
[SourceVersionDate "2010.11.25"]
[SourceQuality "1"]

1. e4 e6 2. d4 d5 3. Nc3 Nf6 4. Bg5 Be7 5. e5 Nfd7 6. Bxe7 Qxe7 7. Qg4 0-0 8. Bd3 f5 9. exf6 Nxf6 10. Qh4 Qf7 11. g4 g6 12. 0-0-0 e5 13. h3 exd4 14. Nb5 Nc6 15. Be2 Ne4 16. f3 Qf4+ 17. Kb1 Nd2+ 18. Ka1 Nb4 19. Bd3 c5 20. a3 Nxd3 21. cxd3 Nxf3 22. Nxf3 Qxf3 23. Rhf1 Qg2 24. Rxf8+ Kxf8 25. Qh6+ Kg8 26. Re1 Bd7 27. Re7 Qf1+ 28. Ka2 Qf8 29. Qxh7# 1-0

[Event "Niedersachsen-ch U12"]
[Site "Rotenburg"]
[Date "2009.04.07"]
[Round "6"]
[White "Mai, Robin Jannis"]
[Black "Weissbrot, Eduard"]
[Result "0-1"]
[WhiteElo "1026"]
[BlackElo "1067"]
[PlyCount "35"]
[EventDate "2009.04.04"]
[EventType "swiss"]
[EventRounds "11"]
[EventCountry "GER"]
[SourceTitle "EXT 2010"]
[Source "ChessBase"]
[SourceDate "2010.11.25"]
[SourceVersion "1"]
[SourceVersionDate "2010.11.25"]
[SourceQuality "1"]

1. d4 d5 2. c4 e6 3. Nc3 Nf6 4. Bg5 h6 5. Bh4 Be7 6. e3 Nbd7 7. Bd3 0-0 8. Nf3 b6 9. Qc2 Bb7 10. 0-0 c5 11. Rac1 Rc8 12. b3 a6 13. Nd2 Qc7 14. Bg3 Bd6 15. Bxd6 Qxd6 16. Rfe1 Qc6 17. dxc5 dxc4 18. Nxc4 0-1

[Event "Niedersachsen-ch"]
[Site "Verden"]
[Date "2008.01.05"]
[Round "6"]
[White "Aldegeerds, Julian"]
[Black "Mai, Robin Jannis"]
[Result "1-0"]
[WhiteElo "1092"]
[BlackElo "745"]
[PlyCount "63"]
[EventDate "2008.01.03"]
[EventType "swiss"]
[EventRounds "7"]
[EventCountry "GER"]
[SourceTitle "EXT 2010"]
[Source "ChessBase"]
[SourceDate "2010.11.25"]
[SourceVersion "1"]
[SourceVersionDate "2010.11.25"]
[SourceQuality "1"]

1. e4 e6 2. d4 d5 3. exd5 exd5 4. Bd3 Nc6 5. Ne2 Qe7 6. c3 g6 7. 0-0 Bf5 8. Nf4 0-0-0 9. Bxf5+ gxf5 10. Nd3 Qd7 11. Bf4 Bd6 12. Bxd6 Qxd6 13. Nd2 Nf6 14. Qb3 Ng4 15. f4 Qe6 16. Rae1 Qh6 17. h3 Nf6 18. Qb5 a6 19. Qa4 Rhg8 20. Re3 Qg7 21. Rf2 Rde8 22. Ne5 Nh5 23. Kf1 Nxf4 24. Rxf4 Qxg2+ 25. Ke1 Qg3+ 26. Rxg3 Rxg3 27. Kd1 Reg8 28. Nxc6 Rg1+ 29. Kc2 bxc6 30. Qxa6+ Kb8 31. Nf3 Rh1 32. Ne5 1-0

[Event "Niedersachsen-ch U12"]
[Site "Northeim"]
[Date "2007.10.21"]
[Round "3"]
[White "Vukelic, Mirko"]
[Black "Mai, Robin Jannis"]
[Result "0-1"]
[WhiteElo "716"]
[BlackElo "749"]
[PlyCount "28"]
[EventDate "2007.10.20"]
[EventType "swiss"]
[EventRounds "7"]
[EventCountry "GER"]
[SourceTitle "EXT 2010"]
[Source "ChessBase"]
[SourceDate "2010.11.25"]
[SourceVersion "1"]
[SourceVersionDate "2010.11.25"]
[SourceQuality "1"]

1. e4 e6 2. Nf3 d5 3. Nc3 dxe4 4. Nxe4 f5 5. Nfg5 fxe4 6. Nxe4 Nf6 7. Nxf6+ Qxf6 8. c3 Bc5 9. d4 Bd6 10. g3 b6 11. Bg2 Nc6 12. Bxc6+ Bd7 13. Bxa8 0-0 14. Bg2 Qxf2# 0-1